00536nam a2200157 a 450000100100000000500170001000800410002702000150006804000250008308200080010810000180011624501070013426000550024130000280029650400540032400003964920201002033646.0130715s2003 enk 000 0 spa d a0300092539 aDO-SdBNPbspacBNPHU axxx1 aHerzog, Tamar10aDefining nations :bimmigrants and citizens in early modern Spain and Spanish America /cTamar Herzog. aNew Haven, London :bYale University Press,c2003. aviii, 325. p. ;c25 cm. aIncluye referencias bibliográficas (p. 275-321)